000 01409cam a2200337 i 4500
999 _c127609
_d127609
001 19014563
003 ARRUPE
005 20180314101709.0
008 160314s2016 inu b 001 0 eng
010 _a 2016010695
020 _a9780253021335 (cloth : alk. paper)
020 _a9780253021441 (pbk. : alk. paper)
040 _aDLC
_beng
_cDLC
_erda
_dDLC
042 _apcc
043 _afw-----
_af------
050 0 0 _aREF. DT474.6.Y6
_bE53 2016
082 0 0 _a909/.0496333003
_223
245 0 0 _aEncyclopedia of the Yoruba /
_cedited by Toyin Falola and Akíntúndé Akínyẹmí.
260 _aIndianapolis
_bIndiana University Press
_c2016
300 _axii, 371 p. ;
_c28 cm.
504 _aIncludes bibliographical references and index.
650 0 _aYoruba (African people)
_xHistory
_vEncyclopedias.
_940528
650 0 _aYoruba (African people)
_xCivilization
_vEncyclopedias.
_940529
650 0 _aYoruba (African people)
_xSocial life and customs
_vEncyclopedias.
_940530
700 1 _aFalola, Toyin,
_eeditor.
_940531
700 1 _aAkínyẹmí, Akíntúndé,
_eeditor.
_940532
906 _a7
_bcbc
_corignew
_d1
_eecip
_f20
_gy-gencatlg
942 _2lcc
_cREFERENCE